Multi-Sport Rival Cities - Statistics

General Stats
  • This quiz has been taken 28 times
  • The average score is 8 of 32
Answer Stats
Rivalry Leagues Cities % Correct
NFL, MLB, NBA Boston-New York
85%
MLB, NBA Dallas-Houston
69%
NFL, MLB, NHL, NBA Los Angeles-San Francisco
69%
NFL, MLB, NBA Chicago-Detroit
62%
NFL, MLB, NHL, NBA New York-Philadelphia
46%
NFL, MLB, NHL Chicago-Minneapolis
42%
MLB, NHL Chicago-St. Louis
42%
MLB, NBA Chicago-Milwaukee
35%
NFL, MLB, NHL, NBA Los Angeles-Phoenix
35%
NFL, MLB, NHL Philadelphia-Washington
35%
NFL, NBA Atlanta-Charlotte
31%
MLB, NBA Atlanta-Miami
31%
MLB, NHL, NBA Boston-Toronto
23%
NFL, MLB, NHL New York-Washington
23%
MLB, NBA Chicago-Cleveland
19%
NFL, MLB Cincinnati-Pittsburgh
19%
NFL, MLB Denver-Los Angeles
19%
MLB, NBA New York-Toronto
19%
MLB, NBA Atlanta-Washington
15%
NFL, NHL Boston-Buffalo
15%
MLB, NBA Cleveland-Detroit
15%
NFL, MLB Denver-San Francisco
15%
NFL, MLB, NHL, NBA Phoenix-San Francisco
15%
NFL, MLB Miami-New York
12%
NFL, NHL Boston-Miami
8%
MLB, NHL Tampa-Toronto
8%
MLB, NHL Boston-Tampa
4%
NFL, MLB Detroit-Minneapolis
4%
NFL, NHL Buffalo-Miami
0%
NHL, NBA Charlotte-Washington
0%
NHL, NBA Denver-Minneapolis
0%
MLB, NBA Miami-Washington
0%
No matching quizzes found
Score Distribution
Percent of People with Each Score
Percentile by Number Answered
Your Score History
You have not taken this quiz